American government : (Record no. 15110)
[ view plain ]
| 000 -LEADER | |
|---|---|
| fixed length control field | 00584cam a2200181 a 4500 |
| 020 ## - INTERNATIONAL STANDARD BOOK NUMBER | |
| ISBN | 0393924831 (cover : pbk.) |
| 040 ## - CATALOGING SOURCE | |
| Transcribing agency | DLC |
| 082 00 - DEWEY DECIMAL CLASSIFICATION NUMBER | |
| Classification number | 320 NOR 2004 A074 Or. |
| 100 1# - MAIN ENTRY--AUTHOR NAME | |
| Personal name | Lowi, Theodore J. |
| 245 10 - TITLE STATEMENT | |
| Title | American government : |
| Remainder of title | power and purpose / |
| 250 ## - EDITION STATEMENT | |
| Edition statement | Core 8th ed. |
| 260 ## - PUBLICATION, DISTRIBUTION, ETC. (IMPRINT) | |
| Place of publication | New York : |
| Name of publisher | W.W. Norton, |
| Year of publication | c2004. |
| 300 ## - PHYSICAL DESCRIPTION | |
| Number of Pages | xxiv, 571, 89 p. : |
| Other physical details | col. ill., col. maps ; |
| Dimensions | 23 cm. |
| 500 ## - GENERAL NOTE | |
| General note | ISBN 0393924823 printed on t.p. verso is for the 8th ed., not for this core 8th ed. |
| 700 1# - ADDED ENTRY--PERSONAL NAME | |
| Personal name | Ginsberg, Benjamin. |
| 700 1# - ADDED ENTRY--PERSONAL NAME | |
| Personal name | Shepsle, Kenneth A. |
| 942 ## - ADDED ENTRY ELEMENTS (KOHA) | |
| Koha item type | សៀវភៅភាសាអង់គ្លេស |
| 952 ## - LOCATION AND ITEM INFORMATION (KOHA) | |
| Withdrawn status [LOCAL, KOHA] | 0 |
| Permanent Location | Date acquired | Koha item type | Lost status | Shelving location | Barcode | Current Location | Full call number |
|---|---|---|---|---|---|---|---|
| Library Block A | 2017-11-10 | សៀវភៅភាសាអង់គ្លេស | A074 | A07322 | Library Block A | 320 NOR 2004 A074 Or. |